000 00901nam a22002777a 4500
001 BR8702361
003 BR-BrBNA
005 20230928092455.0
007 ta
008 230509b bl.||||| |||| 00| 0 por d
040 _aBR-BrBNA
_bpor
_cBiblioteca Nacional de Agricultura
041 _a(Por)
072 _aM11
_b/G514
090 _ M11 BR8702361
100 1 _aMora, J.J.
110 1 _aAssociacao de Credito e Assistencia Pesqueira de Santa Catarina, Florianopolis (Brasil)
_9414
245 1 _aDesenvolvimento tecnico e economico da pesca artesanal catarinense [Brasil]
260 3 _aFlorianopolis, SC (Brasil):
_c1978.
300 _a27 p.
500 _a9 tables. (*) Documento disponível na(o) CEAGRI, Florianopolis, SC (Brazil)
650 _aPESCA ARTESANAL
650 _aDESENVOLVIMENTO PESQUEIRO
650 _aSANTA CATARINA
909 _a202309
_bLucia
_c55
_dLucia Elande
942 _cBK
999 _c39277
_d39277